| 000 | 00890nam a2200205 i 4500 | ||
|---|---|---|---|
| 001 | 110816 | ||
| 003 | ES-MaACL | ||
| 005 | 20260127062535.0 | ||
| 007 | t| | ||
| 008 | 070130s1932 sp ||||1| spa d | ||
| 245 | 0 | 0 | _aSesión necrológica celebrada en la Academia Nacional de Jurisprudencia y Legislación en honor del Excmo. Sr. D. José Maluquer y Salvador, académico de méritos. |
| 260 |
_aMadrid : _b[s.n.], _c1932 ( _fSobrinos de la Suc. de M. Minuesa de los Ríos) |
||
| 300 |
_a21 p. ; _c18 cm. |
||
| 490 | 1 |
_aPublicaciones de la Real Academia de Jurisprudencia y Legislación ; _v84 |
|
| 500 | _aPronunciada el día 11 de Mayo de 1932. | ||
| 700 |
_aReal Academia de Jurisprudencia y Legislación de España _9217612 |
||
| 830 | 0 |
_aPublicaciones de la Real Academia de Jurisprudencia y Legislación ; _v84 _9180630 |
|
| 852 |
_aES-MaACL _jL-5248 |
||
| 999 |
_c110816 _d110816 |
||